00442nam a2200145 a 4500008004100000020002200041100001700063245008100080260003800161300003400199650003600233003000100269005001700270040000900287  a8185814058 (pbk.)1 aArora, O. P.10aPower electronics laboratory :bexperiments and organisation /cO. P. Arora. aAllahabad :bWheeler Pub.,c1993. axiii, 214 p. :bill ;c25 cm. aPower electronicsxExperiments.20230123133748.0 cNUST